000
00281nam a2200109Ia 4500
008
190216s9999||||xx |||||||||||||| ||und||
100
_a
Tripathi & Gupta Cb
245
0
_a
Industrial Relations And Labour Laws
260
_b
Sulthan Chand&Sons
_c
2001
300
_a
738p
942
_c
BK
999
_c
6106
_d
6106